
Library Catalogue

| 000 -LEADER | |
|---|---|
| fixed length control field | 01726nam a2200229Ia 4500 |
| 003 - CONTROL NUMBER IDENTIFIER | |
| control field | OSt |
| 005 - DATE AND TIME OF LATEST TRANSACTION | |
| control field | 20210826171827.0 |
| 008 - FIXED-LENGTH DATA ELEMENTS--GENERAL INFORMATION | |
| fixed length control field | 160316s2000 xxu||||| |||| 00| 0 eng d |
| 020 ## - INTERNATIONAL STANDARD BOOK NUMBER | |
| International Standard Book Number | 9780195115895 |
| 040 ## - CATALOGING SOURCE | |
| Transcribing agency | n |
| 082 ## - DEWEY DECIMAL CLASSIFICATION NUMBER | |
| Classification number | 338.900000 |
| Item number | MEI |
| 100 ## - MAIN ENTRY--PERSONAL NAME | |
| Personal name | Meier Gerald M |
| 245 ## - TITLE STATEMENT | |
| Title | Leading issues in economic development |
| 250 ## - EDITION STATEMENT | |
| Edition statement | 7th |
| 260 ## - PUBLICATION, DISTRIBUTION, ETC. | |
| Place of publication, distribution, etc. | New York |
| Name of publisher, distributor, etc. | Oxford University Press |
| Date of publication, distribution, etc. | 2000 |
| 300 ## - PHYSICAL DESCRIPTION | |
| Extent | 578p |
| Dimensions | xix |
| 365 ## - TRADE PRICE | |
| Price amount | Rs.425 |
| 505 ## - FORMATTED CONTENTS NOTE | |
| Formatted contents note | Table of contents<br/>I. Introduction; <br/>A. Measuring Development; <br/>B. Economic Performance of Less Developed Countries; <br/>C. The Discipline of Development Economics; <br/>II. Historical Perspective; <br/>III. Savings and Investment; <br/>IV. International Trade and Technology Transfer; <br/>A. Trade; <br/>B. Foreign Contact and Technology Transfer; <br/>V. Human Resources; <br/>A. Education; <br/>B. Population; <br/>C. Health and Nutrition; <br/>D. Gender and Development; <br/>VI. Migration and the Urban Informal Sector; <br/>VII. Agriculture; <br/>A. The Importance of Agriculture for Economic Development; <br/>B. Designing an Agricultural Strategy; <br/>C. Microeconomics of the Rural Sector; <br/>D. Agricultural Pricing Policy and Urban Bias; <br/>VIII. Income Distribution; <br/>A. The Impact of Development on Income Distribution; <br/>B. The Impact of Income Distribution on Development; <br/>C. Case Studies;<br/> IX. Political Economy; <br/>A. The (Proper) Role of the State in Less Developed Countries; <br/>B. Rent Seeking and Government Failure; <br/>C. State Capacity; <br/>X. Development and the Environment; <br/>Appendix How to Read a Regression Table |
| 650 ## - SUBJECT ADDED ENTRY--TOPICAL TERM | |
| Topical term or geographic name entry element | 1. Economic Development - Developing Countries2. Economic Performance - Less Developed Countries |
| 700 ## - ADDED ENTRY--PERSONAL NAME | |
| Personal name | Rauch James E |
| -- | |
| 942 ## - ADDED ENTRY ELEMENTS (KOHA) | |
| Source of classification or shelving scheme | Dewey Decimal Classification |
| Koha item type | BOOKs |
| Withdrawn status | Lost status | Damaged status | Not for loan | Home library | Current library | Shelving location | Date acquired | Cost, normal purchase price | Total Checkouts | Full call number | Barcode | Date last seen | Price effective from | Koha item type |
|---|---|---|---|---|---|---|---|---|---|---|---|---|---|---|
| . | . | General Stacks | 30.05.2017 | 425.00 | 338.9 MEI | 16206 | 30.05.2017 | 30.05.2017 | BOOKs |